| 000 | 01248nam a2200265 i 4500 | ||
|---|---|---|---|
| 001 | 120525 | ||
| 003 | ES-MaACL | ||
| 005 | 20251217101317.0 | ||
| 007 | t| | ||
| 008 | 070214s1905 sp af |||| | spa d | ||
| 080 | _a616.936(460) | ||
| 100 | 1 |
_aPittaluga, Gustavo, _d1876-1956 _9155591 |
|
| 245 | 1 | 0 |
_aInvestigaciones y estudios sobre el paludismo en España _b= études et recherche sur le paludisme en Espagne : (1901 - 1903) / _cpubliés sous la direction du Dr. Gustavo Pittaluga ; avec la collaboration de MM. les Drs. D. F. Huertas Barrero... [etc.] ; á l'occasion du XVIe Congrès International de Medécine, Madrid-Barcelona, avril 1903. |
| 246 | 3 | 1 | _aÉtudes et recherche sur le paludisme en Espagne |
| 260 |
_aBarcelona : _bSerra Hnos. y Russell, _c1905. |
||
| 300 |
_a260 p., lám. : _bil. ; _c25 cm + _e1 mapa de España y Portugal. |
||
| 530 | _aDisponible en formato digital. | ||
| 650 | 4 |
_aPaludismo- _zEspaña. _9147467 |
|
| 700 | 1 |
_aHuertas y Barrero, Francisco. _964578 |
|
| 711 | 2 |
_aCongreso Internacional de Medicina ( _n14º. _d1903. _cMadrid) _9256 |
|
| 852 |
_aES-MaACL _jF-12270 _cSPP2 |
||
| 856 | 4 |
_uhttps://archive.org/details/b28079383/page/n5 _yInternet Archive |
|
| 942 | _2udc | ||
| 999 |
_c120525 _d120525 |
||